| 000 | 00527nam a2200169Ia 4500 | ||
|---|---|---|---|
| 008 | 240729s9999 xx 000 0 und d | ||
| 022 | _a2798-138X | ||
| 245 | 0 | _aJournal of Molecular Docking | |
| 260 | _aIndonesia | ||
| 260 | _bInstitute for Researches and Community Services Universitas Muhammadiyah Palangkaraya | ||
| 650 | _a Chemistry | ||
| 650 | _a Pharmacy and materia medica | Science | ||
| 650 | _aMedicine | ||
| 856 | _uhttps://doaj.org/toc/31fe746220de4113b69fa07478d7b053 | ||
| 942 | _2ddc | ||
| 942 | _cDOAJEJ | ||
| 999 |
_c66440 _d66440 |
||
| 945 |
_a1 _bMadushi Gamage _c1 _dMadushi Gamage |
||